| 000 | 00538nam a22001697a 4500 | ||
|---|---|---|---|
| 008 | 160209b xxu||||| |||| 00| 0 eng d | ||
| 020 | _a1455753581 | ||
| 100 | _aHalter Margaret Jordan | ||
| 245 |
_aFoundations of Psychiatric Mental Health Nursing _bA Clinical Approach |
||
| 250 | _a7th ed. | ||
| 260 |
_aUSA _bElsevier Saunders _c2014 |
||
| 300 |
_axxviii, 706p. _bill. |
||
| 440 | _vVol 37 | ||
| 650 |
_aMental Disorders _vNursing |
||
| 650 | _aPsychiatric Nursing | ||
| 942 |
_2lcc _cBK _e7th ed. _hRC 440 _kV.37 2014 C.2 |
||
| 999 |
_c15616 _d15616 |
||